000 00476nam a2200181Ia 4500
003 GCL
008 140319s9999 xx 000 0 ara d
040 _aGCL /
_cGCL
082 0 4 _aط
_b813.087
_bى ع
100 1 _aاليسون موركان
245 1 0 _aالعوامة /
_cاليسون موركان
700 1 _aايناس فاضل
490 _a100 قصة
_v0
650 0 4 _aالاطفال
650 0 4 _aالقصص
650 0 4 _aقصص الاطفال
942 _2ddc
_cBK
999 _c46567
_d46567